000 00251nam a2200097Ia 4500
008 201216s9999 xx 000 0 und d
100 _aMarshall Cavendish
245 0 _a(The) Enclopaedia of Transport
260 _aLondon
_bMarshall Cavendish
300 _a245
999 _c6065
_d6065